[Event "19th Hoogeveen op"]
[Site "Hoogeveen NED"]
[Date "2015.10.17"]
[Round "1.29"]
[White "De Wolf, Kees"]
[Black "Lecomte, Robin"]
[Result "0-1"]
[WhiteElo "1982"]
[BlackElo "2317"]
[EventDate "2015.10.17"]
[PlyCount "88"]

1.d4 f5 2.g3 Nf6 3.Bg2 g6 4.c3 Bg7 5.Nh3 O-O 6.Qb3+ d5 7.Nf4 c6 8.Nd2 g5 
9.Nd3 e6 10.h4 h6 11.hxg5 hxg5 12.Nf1 Ne4 13.f3 Nd6 14.Qc2 Nd7 15.b3 b6 
16.f4 g4 17.Ne5 c5 18.e3 a5 19.a4 Bb7 20.Ba3 Rc8 21.Qf2 b5 22.Nxd7 Qxd7 
23.Nd2 b4 24.Bb2 c4 25.bxc4 dxc4 26.O-O Bd5 27.e4 fxe4 28.Qe2 Nf5 29.Rfe1 
bxc3 30.Bxc3 Bxd4+ 31.Bxd4 Nxd4 32.Qxg4+ Qg7 33.Qxg7+ Kxg7 34.Rac1 c3 35.
Nxe4 c2 36.Nd2 Rc3 37.Kf2 Rfc8 38.Bxd5 exd5 39.Re7+ Kf6 40.Re3 Nf5 41.Rxc3
Rxc3 42.Nf3 d4 43.g4 Rxf3+ 44.Kxf3 d3 0-1

[Event "19th Hoogeveen op"]
[Site "Hoogeveen NED"]
[Date "2015.10.17"]
[Round "1.30"]
[White "Beerdsen, Thomas"]
[Black "Bekedam, Tyro"]
[Result "1-0"]
[WhiteElo "2313"]
[BlackElo "1981"]
[EventDate "2015.10.17"]
[PlyCount "75"]

1.e4 c6 2.d4 d5 3.Nd2 dxe4 4.Nxe4 Bf5 5.Ng3 Bg6 6.h4 h6 7.Nf3 Nd7 8.h5 Bh7
9.Bd3 Bxd3 10.Qxd3 e6 11.Bd2 Ngf6 12.O-O-O Be7 13.Kb1 O-O 14.Ne4 Nxe4 15.
Qxe4 Nf6 16.Qe2 Qd5 17.Be3 b5 18.Ne5 b4 19.g4 Ne4 20.Rhg1 Rab8 21.Ka1 Rb5 
22.c4 Qxc4 23.Nxc4 Rd8 24.Ne5 Rd6 25.f3 Nf6 26.g5 hxg5 27.Bxg5 Nd5 28.Bh6 
Bf8 29.Bxg7 Bxg7 30.h6 Nf6 31.Rxg7+ Kf8 32.Rxf7+ Ke8 33.Rg1 Rxd4 34.h7 
Rd1+ 35.Rxd1 Nxh7 36.Rxh7 Rxe5 37.Rxa7 Re3 38.Rh1 1-0

[Event "19th Hoogeveen op"]
[Site "Hoogeveen NED"]
[Date "2015.10.17"]
[Round "1.31"]
[White "Berghuis, Marten"]
[Black "Van Foreest, Lucas"]
[Result "0-1"]
[WhiteElo "1981"]
[BlackElo "2296"]
[EventDate "2015.10.17"]
[PlyCount "52"]

1.e4 e5 2.Nf3 Nc6 3.d4 exd4 4.Nxd4 Nf6 5.Nxc6 bxc6 6.Qe2 a5 7.c4 Bb4+ 8.
Bd2 O-O 9.a3 Bc5 10.Nc3 d5 11.cxd5 Ng4 12.Be3 Nxe3 13.fxe3 Qg5 14.h4 Qe5 
15.O-O-O Rb8 16.Qc4 Bxe3+ 17.Kc2 c5 18.Be2 Rb6 19.Bf3 Ba6 20.Qa4 Rfb8 21.
Rb1 Bd4 22.Qd7 Qg3 23.Qg4 Qf2+ 24.Be2 Bxe2 25.Nxe2 Rxb2+ 26.Rxb2 Rxb2+ 0-1

[Event "19th Hoogeveen op"]
[Site "Hoogeveen NED"]
[Date "2015.10.17"]
[Round "1.33"]
[White "Majhi, Ankit"]
[Black "Gieben, Stijn"]
[Result "0-1"]
[WhiteElo "2233"]
[BlackElo "1955"]
[EventDate "2015.10.17"]
[PlyCount "102"]

1.e4 c5 2.Nf3 e6 3.d4 cxd4 4.Nxd4 Nc6 5.Nc3 Qc7 6.Be2 a6 7.O-O Nf6 8.Be3 
b5 9.a3 Ne5 10.Bf4 Bb7 11.Bd3 d6 12.Nf3 Nc4 13.Qc1 Nh5 14.Bg5 h6 15.Bh4 g5
16.Bg3 Nxg3 17.hxg3 Bg7 18.Nd1 O-O 19.c3 Qc5 20.Re1 g4 21.Nd4 Rfc8 22.Ne3 
Nxb2 23.Qxb2 Qxc3 24.Qe2 Qxd4 25.Nxg4 Rc5 26.Rad1 h5 27.Nh2 Qb2 28.Qe3 Bd4
29.Qf4 Be5 30.Qh6 Bg7 31.Qe3 Qxa3 32.e5 Kf8 33.exd6 Rd8 34.Qf4 Qb2 35.Rxe6
Qd4 36.Qxd4 Bxd4 37.Re7 Bc6 38.Rc7 Rxd6 39.Be2 Be5 40.Rc8+ Kg7 41.Rb1 Rd2 
42.Bf3 Rdc2 43.Nf1 Bxf3 44.Rxc5 Rxc5 45.gxf3 a5 46.Nd2 a4 47.Ne4 Rd5 48.f4
Bd4 49.Nd2 a3 50.Nb3 a2 51.Rf1 Bf6 0-1

[Event "19th Hoogeveen op"]
[Site "Hoogeveen NED"]
[Date "2015.10.17"]
[Round "1.35"]
[White "Van der Marel, Bert"]
[Black "Kouwenhoven, Derk"]
[Result "0-1"]
[WhiteElo "2212"]
[BlackElo "1918"]
[EventDate "2015.10.17"]
[PlyCount "86"]

1.b3 e5 2.Bb2 Nc6 3.e3 Nf6 4.Bb5 d6 5.d4 exd4 6.exd4 Bd7 7.Nf3 a6 8.Be2 
Bf5 9.O-O Be7 10.d5 Nb8 11.c4 Nbd7 12.Nbd2 O-O 13.Nh4 Bg6 14.f4 Be4 15.
Nhf3 Bg6 16.Nd4 h6 17.Qe1 Bh5 18.Bd3 Nc5 19.Bc2 Ng4 20.h3 Bh4 21.g3 Re8 
22.hxg4 Rxe1 23.Raxe1 Bxg3 24.gxh5 Bxe1 25.Rxe1 Qh4 26.Re2 Qg3+ 27.Rg2 
Qe3+ 28.Kh2 Qxf4+ 29.Kh1 f6 30.Nf5 Re8 31.Rxg7+ Kf8 32.Bc3 Re1+ 33.Rg1 Re2
34.Rg2 Re1+ 35.Rg1 Rxg1+ 36.Kxg1 Nd7 37.Kg2 Ne5 38.Nd4 Qe3 39.Nb1 Nd3 40.
Ne6+ Ke7 41.Bd2 Qf2+ 42.Kh3 Ne5 43.Be4 Qe2 0-1

[Event "19th Hoogeveen op"]
[Site "Hoogeveen NED"]
[Date "2015.10.17"]
[Round "1.36"]
[White "Oord, Raymon"]
[Black "Jeitz, Christian"]
[Result "0-1"]
[WhiteElo "1888"]
[BlackElo "2198"]
[EventDate "2015.10.17"]
[PlyCount "98"]

1.d4 Nf6 2.c4 g6 3.Nc3 d5 4.cxd5 Nxd5 5.e4 Nxc3 6.bxc3 Bg7 7.Be3 c5 8.Qd2 
Qa5 9.Bc4 Nc6 10.Ne2 cxd4 11.cxd4 Qxd2+ 12.Kxd2 O-O 13.Rhd1 Na5 14.Rac1 
Nxc4+ 15.Rxc4 b6 16.Rc7 e6 17.e5 f6 18.f4 Rd8 19.Ke1 Ba6 20.Ng3 f5 21.Nf1 
Bf8 22.Nd2 Ba3 23.Nb1 Bb4+ 24.Bd2 Bf8 25.Be3 Rd5 26.Kf2 Ra5 27.Rd2 h6 28.
h3 Bb5 29.g4 Rd8 30.gxf5 gxf5 31.Kf3 Rd7 32.Rc8 Kf7 33.h4 Ba6 34.Rc1 Be7 
35.Bf2 Bb7+ 36.Ke3 Bd5 37.Rb2 Rxa2 38.Rxa2 Bxa2 39.Nc3 Bb3 40.Rb1 Bc4 41.
h5 Rb7 42.Nb5 Bxb5 43.Rxb5 a6 44.Rb1 b5 45.Be1 b4 46.Kd3 a5 47.Kc4 Rc7+ 
48.Kb5 Bd8 49.Ka4 Rc2 0-1

[Event "19th Hoogeveen op"]
[Site "Hoogeveen NED"]
[Date "2015.10.17"]
[Round "1.37"]
[White "Paulet, Iozefina"]
[Black "Boer, Bas De"]
[Result "1-0"]
[WhiteElo "2184"]
[BlackElo "1863"]
[EventDate "2015.10.17"]
[PlyCount "71"]

1.e4 c5 2.Nc3 Nc6 3.Bb5 Nd4 4.Bc4 e6 5.Nf3 Nf6 6.O-O d5 7.exd5 exd5 8.Nxd4
dxc4 9.Nf3 Be7 10.Qe2 O-O 11.Qxc4 a6 12.Ne4 Qc7 13.Nxf6+ Bxf6 14.d4 b6 15.
dxc5 Be6 16.Qf4 Qxc5 17.c3 Bd5 18.Be3 Qc6 19.Rad1 Rad8 20.Qg3 Bxa2 21.Nd4 
Qd5 22.Rd2 Bc4 23.Qc7 Be5 24.Qxb6 Rd6 25.Qa5 Qe4 26.Nf3 Rg6 27.Ng5 Rxg5 
28.Bxg5 h6 29.Be3 Bb5 30.Qb4 Qg6 31.f4 Bc7 32.c4 Qe4 33.Bc5 Re8 34.cxb5 
Bb6 35.Qxe4 Bxc5+ 36.Qd4 1-0

[Event "19th Hoogeveen op"]
[Site "Hoogeveen NED"]
[Date "2015.10.17"]
[Round "1.38"]
[White "Brantjes, Yme"]
[Black "Poghosyan, Tigran"]
[Result "0-1"]
[WhiteElo "1962"]
[BlackElo "2182"]
[EventDate "2015.10.17"]
[PlyCount "44"]

1.e4 c5 2.Nf3 d6 3.d4 cxd4 4.Qxd4 Nc6 5.Bb5 Bd7 6.Bxc6 Bxc6 7.c4 Nf6 8.Nc3
e6 9.O-O Be7 10.Qd3 O-O 11.Rd1 Qa5 12.Bf4 Rfd8 13.a3 Qh5 14.Rd2 d5 15.exd5
exd5 16.Rad1 dxc4 17.Qxd8+ Rxd8 18.Rxd8+ Bxd8 19.Rxd8+ Ne8 20.Ne5 f5 21.f3
Qh4 22.Nxc6 Qe1# 0-1

[Event "19th Hoogeveen op"]
[Site "Hoogeveen NED"]
[Date "2015.10.17"]
[Round "1.39"]
[White "Van Randtwijk, Mick"]
[Black "Schoehuys, Erik"]
[Result "0-1"]
[WhiteElo "1852"]
[BlackElo "2182"]
[EventDate "2015.10.17"]
[PlyCount "34"]

1.e4 e5 2.Nf3 d6 3.d4 Nf6 4.dxe5 Nxe4 5.Bc4 c6 6.exd6 Bxd6 7.O-O O-O 8.Re1
Bg4 9.Qd3 Nc5 10.Qe3 Bxf3 11.Qxf3 Qh4 12.Bb3 Qxh2+ 13.Kf1 Nbd7 14.Nc3 Ne5 
15.Qf4 Qh1+ 16.Ke2 Qxe1+ 17.Kxe1 Ned3+ 0-1

[Event "19th Hoogeveen op"]
[Site "Hoogeveen NED"]
[Date "2015.10.18"]
[Round "2.1"]
[White "Gupta, Abhijeet"]
[Black "Ankit, R Rajpara"]
[Result "0-1"]
[WhiteElo "2629"]
[BlackElo "2467"]
[EventDate "2015.10.17"]
[PlyCount "80"]

1.d4 d5 2.c4 c6 3.Nf3 Nf6 4.Nc3 e6 5.Bg5 h6 6.Bh4 dxc4 7.e4 g5 8.Bg3 b5 9.
Be2 Bb7 10.Qc2 Nbd7 11.Nd2 Qb6 12.Rd1 Be7 13.Nf1 b4 14.Na4 b3 15.Qd2 Qa6 
16.axb3 Nxe4 17.Qc2 Qa5+ 18.Nd2 Nxg3 19.hxg3 cxb3 20.Qxb3 Rb8 21.Qc2 c5 
22.d5 exd5 23.Nc3 Nf6 24.Qf5 Qb6 25.Kf1 Kf8 26.Re1 Bc8 27.Qc2 Qxb2 28.Qd3 
c4 29.Qd4 Qb6 30.Qe5 Qd6 31.Qd4 Be6 32.f4 Kg7 33.Nf3 Qc5 34.Qd2 Ne4 35.
Nxe4 dxe4 36.Nd4 c3 37.Nxe6+ fxe6 38.Qc2 Qd4 39.Rd1 Rb2 40.Qc1 Rd2 0-1

[Event "19th Hoogeveen op"]
[Site "Hoogeveen NED"]
[Date "2015.10.18"]
[Round "2.2"]
[White "Valdes Romero, Leonardo"]
[Black "l`Ami, Erwin"]
[Result "0-1"]
[WhiteElo "2362"]
[BlackElo "2619"]
[EventDate "2015.10.17"]
[PlyCount "68"]

1.Nf3 g6 2.g3 Bg7 3.d4 f5 4.Bg2 Nf6 5.c4 O-O 6.Nc3 d6 7.O-O c6 8.d5 e5 9.
dxe6 Bxe6 10.Qd3 Re8 11.Ng5 Nbd7 12.Nxe6 Rxe6 13.e3 Ne5 14.Qe2 Qe8 15.Rb1 
g5 16.f4 gxf4 17.Rxf4 Neg4 18.Rxf5 Nxe3 19.Bxe3 Rxe3 20.Qd2 Qe7 21.Rbf1 
Re8 22.Bf3 Re1 23.Nd1 Rxf1+ 24.Kxf1 Qe6 25.Qd3 Nd7 26.b3 Ne5 27.Qe4 Kh8 
28.Bh5 Re7 29.Be2 Bh6 30.Rf2 a6 31.Qh4 Bg7 32.a4 d5 33.cxd5 Qxd5 34.Kg1 
Ng6 0-1

[Event "19th Hoogeveen op"]
[Site "Hoogeveen NED"]
[Date "2015.10.18"]
[Round "2.3"]
[White "Bok, Benjamin"]
[Black "Neelotpal, Das"]
[Result "1-0"]
[WhiteElo "2591"]
[BlackElo "2465"]
[EventDate "2015.10.17"]
[PlyCount "131"]

1.e4 e5 2.Nf3 Nc6 3.Bb5 a6 4.Ba4 Nf6 5.O-O Be7 6.d3 b5 7.Bb3 O-O 8.a4 Bb7 
9.axb5 axb5 10.Rxa8 Bxa8 11.Nc3 b4 12.Nd5 Na5 13.Nxf6+ Bxf6 14.Ba2 d5 15.
Bxd5 Bxd5 16.exd5 Qxd5 17.b3 e4 18.dxe4 Qxe4 19.Re1 Qf5 20.Bg5 Bc3 21.Bd2 
Bxd2 22.Qxd2 Nc6 23.Qe2 Nd8 24.Nd4 Qd5 25.Qe5 Qd7 26.g3 Nc6 27.Qb5 Qxd4 
28.Qxc6 Qd2 29.Re4 g6 30.Qxc7 Ra8 31.Kg2 Qd1 32.Rxb4 Qd5+ 33.Kh3 Qh5+ 34.
Rh4 Qf5+ 35.Kg2 Qd5+ 36.f3 Re8 37.Re4 Rxe4 38.fxe4 Qxe4+ 39.Kf2 Qd4+ 40.
Ke2 Qe4+ 41.Kf2 Qd4+ 42.Kf3 Qd1+ 43.Ke3 Qg1+ 44.Kd3 Qxh2 45.b4 Qg2 46.c4 
Qf1+ 47.Kd4 h5 48.b5 Qf2+ 49.Kd5 Qf3+ 50.Kc5 Qe3+ 51.Kc6 g5 52.b6 Qe4+ 53.
Kb5 h4 54.gxh4 gxh4 55.b7 Qb1+ 56.Kc6 Qe4+ 57.Kb6 Qb1+ 58.Ka7 Qa2+ 59.Kb8 
h3 60.Qg3+ Kf8 61.Qxh3 Ke7 62.Qe3+ Kd7 63.Qd4+ Ke7 64.Kc8 Qa6 65.Qc5+ Kf6 
66.Kc7 1-0

[Event "19th Hoogeveen op"]
[Site "Hoogeveen NED"]
[Date "2015.10.18"]
[Round "2.4"]
[White "De Jong, Migchiel"]
[Black "Sengupta, Deep"]
[Result "0-1"]
[WhiteElo "2328"]
[BlackElo "2580"]
[EventDate "2015.10.17"]
[PlyCount "92"]

1.Nf3 d5 2.d4 Nf6 3.c4 dxc4 4.Na3 c5 5.Nxc4 Nc6 6.Be3 Nd5 7.Bg5 h6 8.Bh4 
Bf5 9.dxc5 g5 10.Bg3 Bg7 11.a3 b5 12.Nce5 Qa5+ 13.b4 Ndxb4 14.axb4 Qxb4+ 
15.Qd2 Qxd2+ 16.Kxd2 Rd8+ 17.Ke1 Nb4 18.e4 Nc2+ 19.Ke2 Nxa1 20.exf5 Rd5 
21.c6 O-O 22.c7 Rd6 23.h4 Rc8 24.Nd3 Rd5 25.Nb4 Rc5 26.hxg5 hxg5 27.Nxg5 
Nb3 28.Ke3 Nd4 29.Bd3 a5 30.Na6 Rc3 31.f6 Nf5+ 32.Kd2 Nxg3 33.Bh7+ Kf8 34.
fxg7+ Kxg7 35.Kxc3 Nxh1 36.Be4 Nxf2 37.Bb7 Rh8 38.Nb8 b4+ 39.Kc4 a4 40.Nc6
b3 41.Nxf7 Rh4+ 42.Kc3 Nd1+ 43.Kd2 b2 44.c8=Q b1=Q 45.Nce5 Rd4+ 46.Ke1 
Ne3+ 0-1

[Event "19th Hoogeveen op"]
[Site "Hoogeveen NED"]
[Date "2015.10.18"]
[Round "2.5"]
[White "Stocek, Jiri"]
[Black "Kevlishvili, Robby"]
[Result "1/2-1/2"]
[WhiteElo "2566"]
[BlackElo "2361"]
[EventDate "2015.10.17"]
[PlyCount "136"]

1.c4 e5 2.Nc3 Nf6 3.Nf3 Nc6 4.a3 g6 5.b4 d6 6.b5 Nd4 7.e3 Nxf3+ 8.Qxf3 Bg7
9.Bb2 O-O 10.Be2 Rb8 11.h3 c6 12.O-O cxb5 13.cxb5 b6 14.a4 Bb7 15.Qg3 Rc8 
16.Ra3 Nd7 17.f4 f5 18.Bf3 e4 19.Be2 d5 20.d4 exd3 21.Bxd3 Nc5 22.Nd1 Bxb2
23.Nxb2 Qe7 24.Raa1 Qf6 25.Qf2 Qc3 26.Rad1 Rfe8 27.Rfe1 Re7 28.Bb1 Rce8 
29.Nd3 Ne4 30.Qa2 Qf6 31.Rc1 Kg7 32.Ne5 Nc5 33.a5 h6 34.Qa3 g5 35.Rf1 Kh8 
36.Rcd1 Rg8 37.Nc6 Bxc6 38.bxc6 gxf4 39.Rxf4 Reg7 40.Rf2 Qxc6 41.Qc3 Rf8 
42.axb6 axb6 43.Qe5 Ne4 44.Rxf5 Rxf5 45.Qxf5 Nc3 46.Qc2 Qc5 47.Rd3 Nxb1 
48.Qxb1 Qc4 49.Qd1 Qe4 50.g4 Rf7 51.Rc3 Rf3 52.Rc8+ Kh7 53.Qc2 Qxc2 54.
Rxc2 Rxh3 55.Rc7+ Kg6 56.Kf2 Rh2+ 57.Kf3 Rb2 58.Rc6+ Kg5 59.Rd6 Rb5 60.Kg3
Rc5 61.Rxb6 Rc3 62.Re6 d4 63.Re5+ Kf6 64.Kf4 Rxe3 65.Rxe3 dxe3 66.Kxe3 h5 
67.gxh5 Kg5 68.Ke4 Kxh5 1/2-1/2

[Event "19th Hoogeveen op"]
[Site "Hoogeveen NED"]
[Date "2015.10.18"]
[Round "2.6"]
[White "Lecomte, Robin"]
[Black "Bogner, Sebastian"]
[Result "0-1"]
[WhiteElo "2317"]
[BlackElo "2557"]
[EventDate "2015.10.17"]
[PlyCount "94"]

1.e4 c5 2.Nf3 d6 3.d4 cxd4 4.Nxd4 Nf6 5.Nc3 a6 6.Be2 e6 7.Be3 Qc7 8.O-O b5
9.a3 Bb7 10.Bd3 Nbd7 11.f4 Nc5 12.Qf3 g6 13.Rae1 Bg7 14.Kh1 O-O 15.Bg1 
Rae8 16.Qh3 e5 17.fxe5 dxe5 18.Nb3 Ne6 19.Qh4 Nd7 20.Be3 Nd4 21.Bxd4 exd4 
22.Ne2 Ne5 23.Qg3 Qb6 24.Nexd4 Nc4 25.c3 Nxb2 26.Bc2 Nc4 27.Bd3 Ne5 28.Bc2
Rc8 29.Ra1 Qc7 30.Ne2 Nc4 31.Qxc7 Rxc7 32.Nbd4 Ne3 33.Rfc1 Nxc2 34.Rxc2 
Bxe4 35.Rb2 Rc4 36.a4 bxa4 37.Rba2 Rb8 38.Rxa4 Rxa4 39.Rxa4 Rb1+ 40.Ng1 
Bb7 41.h3 Be5 42.Ra3 h5 43.Ra5 Bg3 44.Ra2 h4 45.c4 Rb4 46.Rc2 Be4 47.Rc1 
Bd3 0-1

[Event "19th Hoogeveen op"]
[Site "Hoogeveen NED"]
[Date "2015.10.18"]
[Round "2.7"]
[White "Gopal, Geetha Narayanan"]
[Black "Van Kooten, Luuk"]
[Result "1/2-1/2"]
[WhiteElo "2536"]
[BlackElo "2350"]
[EventDate "2015.10.17"]
[PlyCount "45"]

1.e4 g6 2.d4 Bg7 3.Nf3 d6 4.Bc4 Nf6 5.Qe2 Nc6 6.e5 dxe5 7.dxe5 Nd5 8.O-O 
Bg4 9.Rd1 e6 10.Bb5 Bxf3 11.Qxf3 Qh4 12.g3 Qh3 13.Bxc6+ bxc6 14.c4 Ne7 15.
Bf4 h6 16.Qe2 O-O 17.Nc3 g5 18.Be3 Ng6 19.Bd4 Rfd8 20.Ne4 Qf5 21.Nf6+ Bxf6
22.exf6 e5 23.Be3 1/2-1/2

[Event "19th Hoogeveen op"]
[Site "Hoogeveen NED"]
[Date "2015.10.18"]
[Round "2.8"]
[White "Van Foreest, Lucas"]
[Black "Ehlvest, Jaan"]
[Result "1/2-1/2"]
[WhiteElo "2296"]
[BlackElo "2535"]
[EventDate "2015.10.17"]
[PlyCount "126"]

1.e4 Nf6 2.e5 Nd5 3.Nf3 d6 4.d4 Bg4 5.Be2 e6 6.O-O Be7 7.c4 Nb6 8.h3 Bh5 
9.Nc3 O-O 10.Be3 a6 11.b3 d5 12.c5 N6d7 13.Qd2 Nc6 14.a3 Bg6 15.Nh2 Nxc5 
16.dxc5 d4 17.Rad1 dxe3 18.Qxe3 Qe8 19.b4 Rd8 20.Nf3 a5 21.b5 Nb8 22.Na4 
Bc2 23.Rxd8 Qxd8 24.Nb2 Nd7 25.Qc3 Be4 26.Na4 Qb8 27.Rd1 Rd8 28.Nd2 Bd5 
29.Bf3 c6 30.Bxd5 exd5 31.bxc6 bxc6 32.Qxa5 Nxe5 33.Nb6 h5 34.Rb1 Qc7 35.
Nb3 Rb8 36.Qc3 Bf6 37.Qg3 h4 38.Qf4 Qb7 39.a4 Re8 40.Qf5 Qa6 41.Rf1 Qe2 
42.Nd7 Nxd7 43.Qxd7 Bc3 44.Rc1 Rb8 45.Qxc6 Be1 46.Qxd5 Qxf2+ 47.Kh2 Rxb3 
48.Qa8+ Kh7 49.Qe4+ f5 50.Qxe1 Qxe1 51.Rxe1 Ra3 52.Rc1 Rxa4 53.c6 Ra8 54.
Kg1 Kg6 55.Kf2 Kf6 56.Ke3 g5 57.c7 Rc8 58.Kd4 Ke6 59.Rc6+ Kd7 60.Rg6 Rxc7 
61.Rg7+ Kd6 62.Rg6+ Ke7 63.Rg7+ Kd6 1/2-1/2

[Event "19th Hoogeveen op"]
[Site "Hoogeveen NED"]
[Date "2015.10.18"]
[Round "2.9"]
[White "Halkias, Stelios"]
[Black "Rudolf, Anna"]
[Result "1-0"]
[WhiteElo "2534"]
[BlackElo "2329"]
[EventDate "2015.10.17"]
[PlyCount "61"]

1.c4 e6 2.Nc3 d5 3.d4 Be7 4.Bf4 Nf6 5.e3 O-O 6.a3 b6 7.Nb5 Na6 8.Nf3 Bb7 
9.Be2 c6 10.Nc3 c5 11.cxd5 Nxd5 12.Nxd5 exd5 13.O-O Nc7 14.dxc5 Bxc5 15.
Rc1 Bd6 16.Bxd6 Qxd6 17.Nd4 Ne6 18.Bg4 Qe5 19.Nxe6 fxe6 20.Qd4 Qd6 21.Qb4 
Qd7 22.Qc3 Rac8 23.Qe5 Rfe8 24.h4 Qe7 25.Rxc8 Bxc8 26.Rc1 Bd7 27.Rc7 Qxh4 
28.Bh3 Qd8 29.Rxa7 Re7 30.Qd6 Qe8 31.Rxd7 1-0

[Event "19th Hoogeveen op"]
[Site "Hoogeveen NED"]
[Date "2015.10.18"]
[Round "2.10"]
[White "Jeitz, Christian"]
[Black "Ernst, Sipke"]
[Result "0-1"]
[WhiteElo "2198"]
[BlackElo "2527"]
[EventDate "2015.10.17"]
[PlyCount "78"]

1.e4 c5 2.Nf3 a6 3.c4 e6 4.Nc3 d6 5.d4 cxd4 6.Nxd4 Nf6 7.Be2 Qc7 8.O-O b6 
9.Be3 Bb7 10.f3 Nbd7 11.Rc1 Be7 12.Qd2 O-O 13.Rfd1 Rfc8 14.Bf1 Rab8 15.b3 
Qd8 16.a4 Ne5 17.Nde2 Nfd7 18.Nf4 Nc5 19.Rb1 h6 20.Qf2 Qe8 21.h4 Ba8 22.h5
Rd8 23.Qa2 Bf6 24.Rbc1 Bc6 25.Rd2 Bg5 26.Rcd1 Qe7 27.b4 Nb7 28.b5 axb5 29.
cxb5 Be8 30.Nce2 Rdc8 31.Rc2 Nc5 32.Bc1 Ra8 33.Nc3 Qc7 34.Rd4 Bf6 35.Rb4 
Ncd3 36.Rb3 Qc5+ 37.Kh1 Nb4 38.Ba3 Nxa2 39.Bxc5 Nxc3 0-1

[Event "19th Hoogeveen op"]
[Site "Hoogeveen NED"]
[Date "2015.10.18"]
[Round "2.11"]
[White "Werle, Jan"]
[Black "Beerdsen, Thomas"]
[Result "1-0"]
[WhiteElo "2524"]
[BlackElo "2313"]
[EventDate "2015.10.17"]
[PlyCount "85"]

1.d4 Nf6 2.c4 e6 3.Nc3 d5 4.cxd5 Nxd5 5.Nf3 c5 6.g3 Nc6 7.Bg2 Nxc3 8.bxc3 
cxd4 9.Nxd4 Nxd4 10.Qxd4 Qxd4 11.cxd4 Bb4+ 12.Bd2 Bxd2+ 13.Kxd2 Ke7 14.
Rhc1 Rd8 15.Rc7+ Rd7 16.Rac1 Kd8 17.Rxd7+ Kxd7 18.Rc5 Rb8 19.Ra5 a6 20.Rh5
h6 21.g4 f6 22.f4 Ke7 23.Rc5 Kd8 24.g5 hxg5 25.fxg5 Bd7 26.gxf6 gxf6 27.h4
b6 28.Rh5 Ke7 29.Rh7+ Kd6 30.h5 Rg8 31.Bf3 e5 32.dxe5+ fxe5 33.h6 Be6 34.
a3 a5 35.Rb7 Rh8 36.Rxb6+ Ke7 37.Rb5 Kf6 38.Rxa5 Rxh6 39.Ke3 Rh3 40.Ra6 
Kf5 41.Kf2 Bf7 42.a4 Bh5 43.Rh6 1-0

[Event "19th Hoogeveen op"]
[Site "Hoogeveen NED"]
[Date "2015.10.18"]
[Round "2.12"]
[White "Shabalov, Alexander"]
[Black "Van Osch, Mees"]
[Result "1-0"]
[WhiteElo "2522"]
[BlackElo "2285"]
[EventDate "2015.10.17"]
[PlyCount "63"]

1.c4 b6 2.d4 Bb7 3.f3 f5 4.e3 Nf6 5.Bd3 g6 6.Nc3 Bg7 7.Nge2 d6 8.Nf4 e5 9.
Ne6 Qe7 10.Nxg7+ Qxg7 11.O-O O-O 12.Bc2 Nc6 13.d5 Nb4 14.Bb1 a5 15.b3 e4 
16.Bb2 Qh6 17.Qd4 c5 18.Qd2 exf3 19.Rxf3 Rae8 20.Nb5 Ne4 21.Bxe4 fxe4 22.
Rh3 Qg5 23.Nxd6 Nd3 24.Nxe8 Rf2 25.Qxf2 Nxf2 26.Nf6+ Kf7 27.Rxh7+ Kf8 28.
Kxf2 Bc8 29.Rh8+ Kf7 30.Rf8+ Ke7 31.d6+ Ke6 32.Re8+ 1-0

[Event "19th Hoogeveen op"]
[Site "Hoogeveen NED"]
[Date "2015.10.18"]
[Round "2.13"]
[White "Poghosyan, Tigran"]
[Black "Pavlidis, Antonios"]
[Result "0-1"]
[WhiteElo "2182"]
[BlackElo "2522"]
[EventDate "2015.10.17"]
[PlyCount "60"]

1.e4 c5 2.Nf3 e6 3.d4 cxd4 4.Nxd4 Nc6 5.Nc3 Qc7 6.Be3 a6 7.a3 Nf6 8.f4 d6 
9.Qf3 e5 10.Nxc6 bxc6 11.fxe5 dxe5 12.Bc4 Rb8 13.O-O Be7 14.Qg3 O-O 15.Bd4
Ng4 16.Kh1 Bh4 17.Qxh4 exd4 18.Nd1 a5 19.Rf3 Ne5 20.Qg3 Rb7 21.Ba6 Ra7 22.
Bxc8 Nxf3 23.Qxc7 Rxc7 24.Ba6 Ne5 25.Nf2 a4 26.Nd3 Nxd3 27.Bxd3 Rb8 28.c3 
Rd7 29.Bc2 Rxb2 30.Bxa4 dxc3 0-1

[Event "19th Hoogeveen op"]
[Site "Hoogeveen NED"]
[Date "2015.10.18"]
[Round "2.14"]
[White "Vishnu, Prasanna V"]
[Black "Paulet, Iozefina"]
[Result "1-0"]
[WhiteElo "2503"]
[BlackElo "2184"]
[EventDate "2015.10.17"]
[PlyCount "67"]

1.Nf3 c5 2.c4 Nf6 3.Nc3 Nc6 4.d4 cxd4 5.Nxd4 g6 6.e4 Bg7 7.Nc2 Qa5 8.Bd2 
Qe5 9.f4 Qe6 10.Qe2 O-O 11.g3 Ne8 12.Bg2 a6 13.O-O b5 14.e5 Qxc4 15.Qxc4 
bxc4 16.Ne3 a5 17.Rfc1 Ba6 18.Na4 Nc7 19.Nc5 Nd4 20.Nxa6 Rxa6 21.Rxc4 Nce6
22.Nd5 Nc6 23.Rd1 Rb8 24.Bc3 Kf8 25.a3 Rb3 26.g4 Ra7 27.f5 gxf5 28.gxf5 
Bxe5 29.fxe6 fxe6 30.Rf1+ Kg7 31.Rg4+ Kh6 32.Rf3 Kh5 33.Rg8 Bd4+ 34.Kh1 
1-0

[Event "19th Hoogeveen op"]
[Site "Hoogeveen NED"]
[Date "2015.10.18"]
[Round "2.15"]
[White "Schoehuys, Erik"]
[Black "Debashis, Das"]
[Result "0-1"]
[WhiteElo "2182"]
[BlackElo "2501"]
[EventDate "2015.10.17"]
[PlyCount "104"]

1.d4 d5 2.c4 c6 3.Nf3 Nf6 4.Nc3 e6 5.g3 dxc4 6.Bg2 Nbd7 7.O-O Be7 8.Qc2 
O-O 9.Rd1 b5 10.Ne5 Nxe5 11.dxe5 Nd5 12.b3 cxb3 13.axb3 Bb7 14.Bb2 Qb6 15.
Ne4 c5 16.Nd6 Nb4 17.Qc3 Bxg2 18.Kxg2 Rad8 19.Rdc1 f6 20.Ne4 Nd5 21.Qa5 
Qc6 22.f3 f5 23.Nd6 Bg5 24.Rcb1 Ne3+ 25.Kh1 Nc2 26.Ra2 Nb4 27.Raa1 Rd7 28.
Bc3 Bd8 29.Qxb5 Rxd6 30.Qc4 Rd5 31.Bxb4 Bb6 32.Bc3 Rfd8 33.Kg2 R5d7 34.Rc1
Rd5 35.Rc2 h6 36.Qa4 Qc7 37.Qc4 Kh8 38.Raa2 Qf7 39.Rd2 Kg8 40.Qa4 Kf8 41.
Qc4 Qc7 42.Rd3 Rxd3 43.exd3 Qd7 44.Rd2 Kg8 45.Rd1 Qe8 46.Rd2 Rd5 47.Rd1 
Qd7 48.Rd2 Bc7 49.f4 Bb6 50.Rd1 Qc6 51.Kf2 Rd8 52.Rg1 Rxd3 0-1

[Event "19th Hoogeveen op"]
[Site "Hoogeveen NED"]
[Date "2015.10.18"]
[Round "2.16"]
[White "Pruijssers, Roeland"]
[Black "Gieben, Stijn"]
[Result "1-0"]
[WhiteElo "2501"]
[BlackElo "1955"]
[EventDate "2015.10.17"]
[PlyCount "37"]

1.e4 c5 2.Nf3 e6 3.d4 cxd4 4.Nxd4 Nc6 5.Nc3 Qc7 6.f4 a6 7.Nxc6 bxc6 8.Bd3 
d5 9.O-O Nf6 10.Qe2 Be7 11.b3 O-O 12.Bb2 a5 13.Kh1 Qa7 14.exd5 exd5 15.
Rae1 Re8 16.Nb5 cxb5 17.Bxf6 Bg4 18.Qxg4 Bxf6 19.Qf5 1-0

[Event "19th Hoogeveen op"]
[Site "Hoogeveen NED"]
[Date "2015.10.18"]
[Round "2.18"]
[White "Das, Arghyadip"]
[Black "Elgersma, Simon"]
[Result "1-0"]
[WhiteElo "2467"]
[BlackElo "2055"]
[EventDate "2015.10.17"]
[PlyCount "59"]

1.e4 e6 2.d4 d5 3.Nd2 a6 4.Bd3 Nf6 5.e5 Nfd7 6.Ne2 c5 7.c3 Nc6 8.f4 Be7 9.
Nf3 g6 10.O-O b6 11.Qe1 Bb7 12.Bd2 Qc7 13.b3 O-O-O 14.Rc1 Kb8 15.Kh1 Ka8 
16.Ng3 Rdf8 17.Qe2 Ka7 18.Be3 cxd4 19.Nxd4 Nxd4 20.Bxd4 Bc5 21.b4 Bxd4 22.
cxd4 Qb8 23.Rc3 Rc8 24.Ra3 Qc7 25.Bxa6 Kb8 26.Bd3 h5 27.Qd1 Rcg8 28.Qa4 
Bc6 29.b5 Bb7 30.Ne2 1-0

[Event "19th Hoogeveen op"]
[Site "Hoogeveen NED"]
[Date "2015.10.18"]
[Round "2.19"]
[White "Dijkhuis, Tycho"]
[Black "Sparenberg, Erik"]
[Result "1-0"]
[WhiteElo "2355"]
[BlackElo "2088"]
[EventDate "2015.10.17"]
[PlyCount "101"]

1.e4 e5 2.Nc3 Nc6 3.g3 Bc5 4.Bg2 a6 5.Nge2 d6 6.O-O h5 7.h3 h4 8.g4 Nf6 9.
d3 Nxg4 10.hxg4 Bxg4 11.Kh2 h3 12.Bh1 Qh4 13.Be3 O-O-O 14.Nd5 Nd4 15.f3 
Be6 16.Nxd4 Bxd4 17.Qe1 Qxe1 18.Raxe1 Bxb2 19.c4 b6 20.Rb1 Ba3 21.f4 f6 
22.Rg1 Rh7 23.Bf3 Bxd5 24.cxd5 exf4 25.Bxf4 Bc5 26.Rgd1 Bd4 27.Rb4 Be5 28.
Bxe5 fxe5 29.Rb2 Rf8 30.Rf2 Rf4 31.Rg1 Kd8 32.Rg5 Ke7 33.Rf5 Rhh4 34.Rxf4 
exf4 35.Rc2 g5 36.Rxc7+ Kf6 37.e5+ Kxe5 38.Rg7 Kd4 39.Rxg5 Kxd3 40.Rg6 Ke3
41.Bh1 f3 42.Kg3 Rf4 43.Re6+ Kd4 44.Bxf3 Rxf3+ 45.Kxf3 Kxd5 46.Rh6 b5 47.
Ke3 Kc4 48.Rxd6 h2 49.Rh6 Kc3 50.Rxh2 a5 51.Rh5 1-0

[Event "19th Hoogeveen op"]
[Site "Hoogeveen NED"]
[Date "2015.10.18"]
[Round "2.20"]
[White "Baskin, Robert"]
[Black "Hilwerda, Jonas"]
[Result "1-0"]
[WhiteElo "2338"]
[BlackElo "1954"]
[EventDate "2015.10.17"]
[PlyCount "51"]

1.e4 e5 2.Nf3 Nc6 3.Bb5 a6 4.Ba4 Nf6 5.d3 d6 6.c3 g6 7.O-O Bg7 8.Re1 O-O 
9.Nbd2 Nd7 10.Nf1 Nc5 11.Bc2 Ne6 12.Ne3 f5 13.exf5 gxf5 14.d4 e4 15.d5 
exf3 16.dxe6 Bxe6 17.Qxf3 Ne5 18.Qh3 Qf6 19.Nf1 h6 20.Bf4 Nf7 21.Rad1 Rae8
22.Qf3 Nd8 23.Ng3 Nc6 24.Nh5 Qf7 25.Qh3 Ne7 26.Nxg7 1-0

[Event "19th Hoogeveen op"]
[Site "Hoogeveen NED"]
[Date "2015.10.18"]
[Round "2.21"]
[White "Bluhm, Sonja Maria"]
[Black "Maris, Ivo"]
[Result "0-1"]
[WhiteElo "2128"]
[BlackElo "2319"]
[EventDate "2015.10.17"]
[PlyCount "82"]

1.e4 c5 2.Nf3 e6 3.d4 cxd4 4.Nxd4 Nf6 5.Nc3 d6 6.Be2 Be7 7.O-O Nc6 8.Be3 
O-O 9.f4 e5 10.Nxc6 bxc6 11.fxe5 dxe5 12.Qxd8 Rxd8 13.Rad1 Be6 14.a3 Nd7 
15.Na4 g6 16.Rd2 Kf8 17.Rfd1 Ke8 18.h3 h5 19.Ba6 Rab8 20.b4 f5 21.Nc3 f4 
22.Bf2 g5 23.Be2 g4 24.hxg4 hxg4 25.b5 Rdc8 26.bxc6 Rxc6 27.Nd5 g3 28.Be1 
Bxa3 29.Kf1 Bc5 30.Rd3 Rcc8 31.Ba5 Nb6 32.Nxb6 Bxb6 33.Rd6 Ke7 34.Bxb6 
Rxb6 35.R6d2 Rbc6 36.Ra1 R8c7 37.Ra5 Kf6 38.Bd3 Rh7 39.Kg1 Rb6 40.Rd1 Bg4 
41.Rda1 f3 0-1